La ciencia como plataforma de España / (Record no. 169896)

MARC details
000 -LEADER
campo de control de longitud fija 01068nam a2200265 i 4500
001 - NÚMERO DE CONTROL
campo de control 169896
003 - IDENTIFICADOR DE NÚMERO DE CONTROL
campo de control ES-MaACL
005 - FECHA Y HORA DE LA ÚLTIMA TRANSACCIÓN
campo de control 20250812062544.0
008 - DATOS DE LONGITUD FIJA--INFORMACIÓN GENERAL
campo de control de longitud fija 081216s1965 sp |||| | spa d
017 ## - NÚMERO DE COPYRIGHT O DE DEPÓSITO LEGAL
Número de copyright o de depósito legal M 18.933-1965
080 ## - NÚMERO DE LA CLASIFICACIÓN DECIMAL UNIVERSAL
Número de la Clasificación Decimal Universal 001:32(46)
100 1# - ENTRADA PRINCIPAL--NOMBRE DE PERSONA
Nombre de persona Larroque, Enrique.
9 (RLIN) 70360
245 13 - MENCIÓN DEL TÍTULO
Título La ciencia como plataforma de España /
Mención de responsabilidad, etc. Enrique Larroque.
260 ## - PUBLICACIÓN, DISTRIBUCIÓN, ETC.
Lugar de publicación, distribución, etc. Madrid :
Nombre del editor, distribuidor, etc. Rialp,
Fecha de publicación, distribución, etc. 1965 (
Fabricante Gráf. Nebrija)
300 ## - DESCRIPCIÓN FÍSICA
Extensión 65 p., [2] h. ;
Dimensiones 19 cm.
490 1# - MENCIÓN DE SERIE
Mención de serie Colección "O crece o muere"
Designación de volumen o secuencia 185
RLIN 183476
500 ## - NOTA GENERAL
Nota general "Este trabajo desarrolla, en el plano de la política científica concreta, las teorías expuestas por el autor en otras publicaciones; los datos que contiene provienen...de los estudios efectuados...en...la O.C.D.E."
610 24 - PUNTO DE ACCESO ADICIONAL DE MATERIA--NOMBRE DE ENTIDAD CORPORATIVA
Nombre de entidad corporativa o nombre de jurisdicción como elemento de entrada Ateneo de Madrid-
Subdivisión de forma Conferencias-
Subdivisión cronológica 1940-1982.
9 (RLIN) 1908
651 #4 - PUNTO DE ACCESO ADICIONAL DE MATERIA--NOMBRE GEOGRÁFICO
Nombre geográfico España-
Subdivisión general Política científica.
9 (RLIN) 8397
830 #0 - PUNTO DE ACCESO ADICIONAL DE SERIE-TÍTULO UNIFORME
Título uniforme Colección "O crece o muere"
Designación de volumen o secuencia 185
9 (RLIN) 183476
852 4# - LOCALIZACIÓN
Ubicación ES-MaACL
Número de control de estantería 2244-F-7
Ubicación en estantería Depósito folletos
942 ## - ELEMENTOS DE ENTRADA SECUNDARIOS (KOHA)
Fuente del sistema de clasificación o colocación Clasificación decimal universal
Tipo de ítem Koha Folleto
Suprimir en OPAC No
Holdings
Estatus retirado Estado de pérdida Estado de daño No para préstamo Colección Biblioteca de origen Biblioteca actual Ubicación en estantería Fecha de adquisición Fuente de adquisición Total de préstamos Signatura topográfica completa Código de barras Visto por última vez Precio de reemplazo Tipo de ítem Koha
        Colección de folletos Biblioteca del Ateneo de Madrid Biblioteca del Ateneo de Madrid Depósito folletos 16/12/2008     2244-F-7 1178373 23/02/2023 23/02/2023 Folleto